00959nac a22002531u 4500010001700000020002200017020002700039082002100066090001300087100003400100245008500134250001200219260004100231300003500272650002100307650004400328650003100372650002100403700002200424856007800446942002200524999001300546952014600559 a 2004018222 a032129100X (pbk.) a0321291158 (Exam copy)00a808/.0427bB4215 c300d300 aBehrens, Laurence. 10aWriting and reading across the curriculum /cLaurence Behrens, Leonard J. Rosen. a9th ed. aNew York :bPearson/Longman,cc2005. axxix, 849 p. :bill. ;c24 cm. 0aCollege readers. 0aInterdisciplinary approach in education 0aEnglish languagexRhetoric 0aAcademic writing1 aRosen, Leonard J.413Table of contentsuhttp://www.loc.gov/catdir/toc/ecip0421/2004018222.html cBBk808.0427B4215 c300d300 00102ddc40708 aMAINbMAINc2NDd2006-02-22epurchaseg240.00l1m4o808.0427 BEHp000004363q2018-06-11r2006-02-22 00:00:00v300.00yBB